Guatemala: una democracia sinuosa /
El triunfo del Frente Republicano Guatemalteco en las elecciones de finales de 1999, ha implicado el retorno al poder, en este caso por la vía democrática, de varios de los protagonistas del período previo a la transición democrática. Este hecho, sumado a las propuestas populistas, novedosas para el...
Kaydedildi:
| Yazar: | |
|---|---|
| Materyal Türü: | Metin |
| Konular: | |
| Etiketler: |
Etiketle
Etiket eklenmemiş, İlk siz ekleyin!
|
MARC
| LEADER | 00000 a a2200000 04500 | ||
|---|---|---|---|
| 001 | 10625 | ||
| 003 | |||
| 040 | |||
| 100 | |a Gálvez Borrell, Víctor | ||
| 245 | |a Guatemala: |b una democracia sinuosa / |c Víctor Gálvez Borrell | ||
| 520 | |a El triunfo del Frente Republicano Guatemalteco en las elecciones de finales de 1999, ha implicado el retorno al poder, en este caso por la vía democrática, de varios de los protagonistas del período previo a la transición democrática. Este hecho, sumado a las propuestas populistas, novedosas para el país, del presidente Portillo, plantea no pocos interrogantes sobre el sentido de estas elecciones y el comportamiento político de los guatemaltecos. Los dos principales partidos de derecha han quedado como dominantes del sistema político, mientras la izquierda constituye la tercera fuerza. REV/SCM | ||
| 650 | |a ELECCIONES | ||
| 650 | |a DEMOCRACIA | ||
| 650 | |a SISTEMAS ELECTORALES | ||
| 773 | |g número 167; páginas 26-36 | ||
| 999 | |c 34926 |d 34926 | ||
